000
00223nam a2200097Ia 4500
008
120527s9999 xx 000 0 und d
100
_a
OYEWUMI,Olumide.
245
_a
The awesome God.
260
_b
Amstrong Plus
942
_c
BK
999
_c
23551
_d
23551